[Event "Titled Tuesday intern op 16th Apr Early"]
[Site "Chess.com INT"]
[Date "2024.04.16"]
[Round "4"]
[White "Mamedjarova, Turkan"]
[Black "Tan, Ralph"]
[Result "1/2-1/2"]
[WhiteElo "2217"]
[BlackElo "2004"]
[PlyCount "76"]
[EventDate "2024.04.16"]
[EventType "swiss (blitz)"]
[EventRounds "11"]
[EventCountry "USA"]
[SourceTitle "CB17_2024"]
[SourceDate "2024.04.24"]
[SourceVersion "1"]
[SourceVersionDate "2024.04.24"]
[SourceQuality "1"]

1. e4 c6 2. d4 d5 3. Nc3 dxe4 4. Nxe4 Nf6 5. Nxf6+ exf6 6. Bc4 Bd6 7. Qe2+ Be7 8. Nf3 0-0 9. Be3 Bg4 10. h3 Bxf3 11. gxf3 Qa5+ 12. Bd2 Bb4 13. c3 Bd6 14. 0-0-0 b5 15. Bb3 Nd7 16. Rhg1 Rae8 17. Qd3 Qc7 18. Bh6 Bf4+ 19. Bxf4 Qxf4+ 20. Kb1 c5 21. Bc2 g6 22. dxc5 Nxc5 23. Qd5 Ne6 24. Rd3 Rd8 25. Qxb5 Rb8 26. Qd5 Rfd8 27. Qe4 Qh2 28. Rgd1 Rxd3 29. Rxd3 Qxf2 30. Qe3 Qf1+ 31. Rd1 Qxh3 32. Qxa7 Rf8 33. Qe3 Qh5 34. Bb3 Nc5 35. Rd5 Qh1+ 36. Rd1 Qh5 37. Rd5 Qh1+ 38. Rd1 Qh5 1/2-1/2

[Event "Titled Tuesday intern op 16th Apr Early"]
[Site "Chess.com INT"]
[Date "2024.04.16"]
[Round "2"]
[White "Uber Gracia, Hugo"]
[Black "Mamedjarova, Turkan"]
[Result "1-0"]
[WhiteElo "2247"]
[BlackElo "2217"]
[PlyCount "79"]
[EventDate "2024.04.16"]
[EventType "swiss (blitz)"]
[EventRounds "11"]
[EventCountry "USA"]
[SourceTitle "CB17_2024"]
[SourceDate "2024.04.24"]
[SourceVersion "1"]
[SourceVersionDate "2024.04.24"]
[SourceQuality "1"]

1. d4 Nf6 2. Bf4 g6 3. e3 Bg7 4. Nf3 0-0 5. h3 d6 6. Nbd2 Nbd7 7. Be2 Re8 8. c3 c5 9. 0-0 e5 10. dxe5 dxe5 11. Bh2 e4 12. Ne1 b6 13. Nc4 Ba6 14. Qa4 Bxc4 15. Bxc4 a6 16. Bxa6 Ra7 17. Qc4 Nb8 18. Bb5 Ree7 19. Nc2 Nfd7 20. Rfd1 Qc8 21. Rd2 Ne5 22. Bxe5 Rxe5 23. Rad1 Bf6 24. Rd6 Kg7 25. Rxb6 Qc7 26. Rbd6 Rb7 27. a4 Be7 28. R6d5 Re6 29. Na1 Nc6 30. Nb3 Ne5 31. Qxe4 f5 32. Qf4 g5 33. Qxf5 Rbb6 34. Nd2 Rbd6 35. Ne4 Rxd5 36. Rxd5 Nc6 37. Qxe6 Nd8 38. Qd7 Qxd7 39. Rxd7 Kf8 40. c4 1-0

[Event "Titled Tuesday intern op 06th Feb Early"]
[Site "Chess.com INT"]
[Date "2024.02.06"]
[Round "10"]
[White "Mamedjarova, Turkan"]
[Black "Balla, Tamas Kristof"]
[Result "0-1"]
[WhiteElo "2217"]
[BlackElo "2283"]
[PlyCount "76"]
[EventDate "2024.02.06"]
[EventType "swiss (blitz)"]
[EventRounds "11"]
[EventCountry "USA"]
[SourceTitle "CB07_2024"]
[SourceDate "2024.02.14"]
[SourceVersion "1"]
[SourceVersionDate "2024.02.14"]
[SourceQuality "1"]

1. e4 c5 2. Nf3 Nc6 3. d4 cxd4 4. Nxd4 e5 5. Nb5 d6 6. N1c3 a6 7. Na3 b5 8. Nd5 Nge7 9. c3 Nxd5 10. exd5 Ne7 11. c4 Nf5 12. cxb5 Be7 13. bxa6 0-0 14. Bd3 Nd4 15. Be3 Qa5+ 16. Qd2 Qxd5 17. 0-0 Bh3 18. f3 Bd7 19. Be4 Qe6 20. Bxa8 Rxa8 21. Bxd4 exd4 22. Rae1 Qf6 23. Qd3 Bf5 24. Qb5 Bf8 25. Qb7 Qd8 26. Nb5 d3 27. Nc7 Rc8 28. Re8 Qxc7 29. Rxc8 Qxc8 30. g4 Qc5+ 31. Kg2 Bc8 32. Qb8 Bxa6 33. Re1 d2 34. Re8 d5 35. Qb3 Bf1+ 36. Kxf1 Qc1+ 37. Ke2 Qe1+ 38. Kd3 d1Q+ 0-1

[Event "Wch Blitz (Women)"]
[Site "Samarkand"]
[Date "2023.12.29"]
[Round "4"]
[White "Getman, Tatyana"]
[Black "Mamedjarova, Turkan"]
[Result "1-0"]
[WhiteElo "2188"]
[BlackElo "2226"]
[PlyCount "79"]
[EventDate "2023.12.29"]
[EventType "swiss (blitz)"]
[EventRounds "17"]
[EventCountry "UZB"]
[SourceTitle "CB01_2024"]
[SourceDate "2024.01.03"]
[SourceVersion "1"]
[SourceVersionDate "2024.01.03"]
[SourceQuality "1"]

1. d4 Nf6 2. c4 e6 3. Nc3 Bb4 4. Qc2 d5 5. cxd5 exd5 6. Bg5 c6 7. e3 0-0 8. Bd3 h6 9. Bh4 Nbd7 10. Nf3 Re8 11. 0-0 Be7 12. h3 Nh5 13. Bxe7 Qxe7 14. Rab1 Nhf6 15. b4 Ne4 16. b5 Ndf6 17. bxc6 bxc6 18. Ne5 Qd6 19. Nxe4 dxe4 20. Bxe4 Nxe4 21. Qxe4 Ba6 22. Rfc1 Bb5 23. Qf4 Qd5 24. a3 f6 25. Nf3 Re4 26. Qg3 Rae8 27. Nd2 R4e7 28. Nb3 Bd3 29. Rb2 Bb5 30. Nc5 Qf5 31. Qf3 Qg5 32. a4 Bxa4 33. Nxa4 Qa5 34. Nc5 Qa3 35. Rcb1 a5 36. Qxc6 Qc3 37. Qd5+ Kh7 38. Qf5+ Kh8 39. Qc2 Qxc2 40. Rxc2 1-0

[Event "Wch Blitz (Women)"]
[Site "Samarkand"]
[Date "2023.12.29"]
[Round "9"]
[White "Mamedjarova, Turkan"]
[Black "Poliakova, Varvara"]
[Result "1-0"]
[WhiteElo "2226"]
[BlackElo "1959"]
[PlyCount "133"]
[EventDate "2023.12.29"]
[EventType "swiss (blitz)"]
[EventRounds "17"]
[EventCountry "UZB"]
[SourceTitle "CB01_2024"]
[SourceDate "2024.01.03"]
[SourceVersion "1"]
[SourceVersionDate "2024.01.03"]
[SourceQuality "1"]

1. e4 e5 2. Nf3 Nc6 3. d4 exd4 4. Bc4 Nf6 5. e5 d5 6. exf6 dxc4 7. Qe2+ Be6 8. fxg7 Bxg7 9. Ng5 Qd5 10. 0-0 0-0-0 11. Bf4 h6 12. Nxe6 fxe6 13. Nd2 e5 14. Bg3 d3 15. cxd3 cxd3 16. Qg4+ Qd7 17. Qc4 Kb8 18. Rac1 Rhf8 19. Rc3 Qd4 20. Qb3 Ka8 21. Rc4 Qd5 22. Qc3 Rf7 23. Re4 Nd4 24. Qa3 Ne2+ 25. Kh1 Nxg3+ 26. hxg3 Rdf8 27. Ra4 a6 28. f3 Rd8 29. Rc1 Bf8 30. Qc3 Rd6 31. Rc4 c6 32. Rc5 Qd4 33. Qa5 Rd5 34. Rxd5 Qxd5 35. Qb6 Qd4 36. Qb3 Rd7 37. Nc4 Bc5 38. Nd2 b6 39. Qg8+ Kb7 40. Qe6 Qd6 41. Qg4 Be3 42. Rd1 Bxd2 43. Rxd2 c5 44. b3 b5 45. a4 Kb6 46. a5+ Ka7 47. Qe4 Qd5 48. Qg6 Qd6 49. Qe4 Kb8 50. f4 exf4 51. gxf4 Kc7 52. Qa8 Qc6 53. Qe8 c4 54. bxc4 bxc4 55. Rb2 Rd8 56. Qe7+ Rd7 57. Qe8 Rd8 58. Qe7+ Kc8 59. Qa7 Qc7 60. Qxa6+ Kd7 61. Qb5+ Ke7 62. Qb4+ Kf7 63. Qb5 Rd7 64. Qf5+ Kg7 65. Rb6 Rd6 66. Qe5+ Kf7 67. Rxd6 1-0

[Event "Wch Blitz (Women)"]
[Site "Samarkand"]
[Date "2023.12.29"]
[Round "2"]
[White "Shohradova, Leyla"]
[Black "Mamedjarova, Turkan"]
[Result "1-0"]
[WhiteElo "1948"]
[BlackElo "2226"]
[PlyCount "139"]
[EventDate "2023.12.29"]
[EventType "swiss (blitz)"]
[EventRounds "17"]
[EventCountry "UZB"]
[SourceTitle "CB01_2024"]
[SourceDate "2024.01.03"]
[SourceVersion "1"]
[SourceVersionDate "2024.01.03"]
[SourceQuality "1"]

1. d4 Nf6 2. c4 e6 3. Nf3 Bb4+ 4. Bd2 a5 5. g3 0-0 6. Bg2 d5 7. 0-0 Bxd2 8. Nbxd2 b6 9. Qc2 Bb7 10. Rac1 Na6 11. a3 Rc8 12. c5 bxc5 13. dxc5 c6 14. Ne5 Nd7 15. Nxd7 Qxd7 16. Rfd1 Qe7 17. Nb3 Qc7 18. e4 Ra8 19. Qc3 Nb8 20. e5 Nd7 21. f4 Rfe8 22. Nd4 a4 23. Re1 Ra5 24. Qb4 Raa8 25. Qd2 Bc8 26. Qf2 Ra5 27. Nf3 Qa7 28. Nd4 Qb7 29. Nf3 Rb5 30. Re2 Qa7 31. Rec2 Rb8 32. Nd4 Qa6 33. Bf1 Qb7 34. Bd3 Nf8 35. g4 Bd7 36. Re1 Qa7 37. f5 exf5 38. gxf5 Qc7 39. Qg3 Bc8 40. f6 g6 41. Qg5 Rxe5 42. Qxe5 Qd7 43. Qxb8 Qg4+ 44. Qg3 Qxd4+ 45. Qe3 Qxf6 46. Rf1 Qh4 47. Qg3 Qd4+ 48. Qf2 Qg7 49. Re2 Be6 50. Ba6 h5 51. Bb7 Nd7 52. Bxc6 Ne5 53. Bb7 Ng4 54. Qg2 Qd4+ 55. Kh1 Qxc5 56. Rc2 Qb6 57. Bc8 Bxc8 58. Rxc8+ Kg7 59. Qf3 Qe6 60. Qc3+ Kh6 61. Rh8+ Kg5 62. Qd2+ Ne3 63. Rf3 d4 64. Qxd4 Ng4 65. Qf4+ Kh4 66. Qg3+ Kg5 67. Qf4+ Kh4 68. Rf1 Qe2 69. Qg3+ Kg5 70. h4# 1-0

[Event "Wch Rapid (Women)"]
[Site "Samarkand"]
[Date "2023.12.28"]
[Round "10"]
[White "Kaliakhmet, Elnaz"]
[Black "Mamedjarova, Turkan"]
[Result "0-1"]
[WhiteElo "2068"]
[BlackElo "2226"]
[PlyCount "88"]
[EventDate "2023.12.26"]
[EventType "swiss (rapid)"]
[EventRounds "11"]
[EventCountry "UZB"]
[SourceTitle "CB01_2024"]
[SourceDate "2024.01.03"]
[SourceVersion "1"]
[SourceVersionDate "2024.01.03"]
[SourceQuality "1"]

1. d4 Nf6 2. c4 e6 3. Nf3 Bb4+ 4. Bd2 a5 5. g3 0-0 6. Bg2 d5 7. Qc2 Nc6 8. 0-0 Ne4 9. Rc1 Qf6 10. e3 g5 11. Bxb4 Nxb4 12. Qe2 c5 13. Ne5 Nd6 14. a3 Nc6 15. cxd5 Nxe5 16. dxe5 Qxe5 17. Rxc5 b6 18. Rc6 Ba6 19. Qc2 Rac8 20. Nc3 exd5 21. Rxb6 Bc4 22. Rd1 Rfe8 23. Qa4 d4 24. exd4 Qe1+ 25. Rxe1 Rxe1+ 26. Bf1 Bxf1 27. Qd1 Rxd1 28. Nxd1 Rc1 29. Kxf1 Rxd1+ 30. Ke2 Rxd4 31. Rb8+ Kg7 32. Ke3 Rd5 33. b3 h5 34. f3 Kg6 35. Rb6 f6 36. g4 h4 37. f4 gxf4+ 38. Kxf4 Nf7 39. a4 Re5 40. Rb5 Re1 41. Rb8 Ng5 42. Rg8+ Kf7 43. Ra8 Re2 44. Rxa5 Kg6 0-1

[Event "Baku op"]
[Site "Baku"]
[Date "2023.05.09"]
[Round "6"]
[White "Ahmad, Khagan"]
[Black "Mamedjarova, Turkan"]
[Result "1-0"]
[WhiteElo "2321"]
[BlackElo "2222"]
[PlyCount "143"]
[EventDate "2023.05.04"]
[EventType "swiss"]
[EventRounds "9"]
[EventCountry "AZE"]
[SourceTitle "CBM 214 Extra"]
[Source "ChessBase"]
[SourceDate "2023.07.31"]
[SourceVersion "1"]
[SourceVersionDate "2023.07.31"]
[SourceQuality "1"]

1. e4 e5 2. Nf3 Nc6 3. Bb5 a6 4. Ba4 Nf6 5. 0-0 Be7 6. Re1 b5 7. Bb3 d6 8. c3 0-0 9. h3 Nb8 10. d4 Nbd7 11. c4 c5 12. dxe5 Nxe5 13. Nxe5 dxe5 14. Nc3 Qxd1 15. Rxd1 Be6 16. cxb5 Bxb3 17. axb3 axb5 18. Bg5 h6 19. Bxf6 Bxf6 20. Nd5 Rfd8 21. g3 Kf8 22. Rdc1 Rxa1 23. Rxa1 Be7 24. Ra7 Bg5 25. Rc7 f5 26. Rxc5 fxe4 27. b4 Bc1 28. Rxc1 Rxd5 29. Rc5 Rd1+ 30. Kg2 e3 31. fxe3 e4 32. g4 g5 33. Re5 Rd2+ 34. Kg3 Rxb2 35. Rxe4 Kf7 36. h4 gxh4+ 37. Kxh4 Kg6 38. Rd4 Rb3 39. Re4 Rb2 40. Kg3 Kf6 41. Rd4 Rb3 42. Kf3 Ke6 43. Kf4 Rc3 44. e4 Rc1 45. Rd5 Rf1+ 46. Ke3 Rg1 47. Rxb5 Rxg4 48. Kd4 Rh4 49. Rb6+ Kd7 50. Kd5 Rh1 51. Rb7+ Kd8 52. e5 h5 53. Rh7 h4 54. Kd6 Rd1+ 55. Ke6 Rh1 56. Rd7+ Ke8 57. Rg7 Kf8 58. Rf7+ Ke8 59. Ra7 Kd8 60. Ra8+ Kc7 61. Ke7 h3 62. Ra2 Rg1 63. Rc2+ Kb7 64. Rh2 Rg3 65. e6 Re3 66. Kd7 Rd3+ 67. Ke8 Re3 68. e7 Kc7 69. Rc2+ Kb7 70. Rf2 Kc7 71. Kf7 Kd7 72. e8Q+ 1-0

[Event "EU-ch (Women) 23rd"]
[Site "Petrovac"]
[Date "2023.03.25"]
[Round "7"]
[White "Dylag, Emilia"]
[Black "Mamedjarova, Turkan"]
[Result "0-1"]
[WhiteElo "2052"]
[BlackElo "2229"]
[PlyCount "77"]
[EventDate "2023.03.18"]
[EventType "swiss"]
[EventRounds "11"]
[EventCountry "MNE"]
[SourceTitle "CBM 213 Extra"]
[Source "ChessBase"]
[SourceDate "2023.05.31"]
[SourceVersion "1"]
[SourceVersionDate "2023.05.31"]
[SourceQuality "1"]

1. d4 d5 2. c4 e6 3. Nf3 Nf6 4. g3 c5 5. Bg2 Nc6 6. 0-0 Be7 7. Nc3 0-0 8. cxd5 exd5 9. Bg5 c4 10. b3 Qa5 11. Bxf6 Bxf6 12. Rc1 Rd8 13. bxc4 dxc4 14. e3 Bf5 15. Nd2 Bd3 16. Nce4 Bxd4 17. Nxc4 Bxc4 18. Rxc4 Bxe3 19. Qb1 Bb6 20. Rcc1 h6 21. Kh1 Nd4 22. Qb2 Rd7 23. a3 Rad8 24. Rfd1 Qh5 25. Rd3 Nc6 26. Rxd7 Rxd7 27. Qc2 Qa5 28. Qb3 Qe5 29. Qc2 Rd8 30. h3 Nd4 31. Qb2 f5 32. Nd2 f4 33. Nc4 Qf6 34. Re1 fxg3 35. fxg3 Bc7 36. Rf1 Qg6 37. g4 Qe6 38. Qc3 Ne2 39. Qc2 0-1

[Event "EU-ch (Women) 23rd"]
[Site "Petrovac"]
[Date "2023.03.21"]
[Round "4"]
[White "Mamedjarova, Turkan"]
[Black "Vidic, Teja"]
[Result "1-0"]
[WhiteElo "2229"]
[BlackElo "2097"]
[PlyCount "79"]
[EventDate "2023.03.18"]
[EventType "swiss"]
[EventRounds "11"]
[EventCountry "MNE"]
[SourceTitle "CBM 213 Extra"]
[Source "ChessBase"]
[SourceDate "2023.05.31"]
[SourceVersion "1"]
[SourceVersionDate "2023.05.31"]
[SourceQuality "1"]

1. e4 e5 2. Nf3 Nc6 3. Bc4 Nf6 4. Nc3 Nxe4 5. Nxe4 d5 6. Bd3 dxe4 7. Bxe4 Bd6 8. c3 0-0 9. 0-0 Bg4 10. h3 Bh5 11. Qb3 Kh8 12. Qxb7 Rb8 13. Qxc6 f5 14. Nxe5 Be8 15. Qc4 Bxe5 16. Bc6 Bf7 17. Qc5 Qf6 18. b3 Bd6 19. Qa5 g5 20. d3 Rb6 21. Be3 Be5 22. d4 Bd6 23. d5 g4 24. Bd4 Be5 25. Bxe5 Qxe5 26. Qc5 Rg8 27. Rfe1 Qg7 28. hxg4 Qxg4 29. Qd4+ Qxd4 30. cxd4 Bh5 31. Kf1 Rb4 32. f3 Rxd4 33. Rad1 Rh4 34. Kf2 Rh2 35. Rg1 f4 36. Rd4 Rf8 37. Ra4 Rg8 38. Rxf4 a5 39. Ra4 Rf8 40. Kg3 1-0

[Event "AZE-ch (Women)"]
[Site "Baku"]
[Date "2023.02.14"]
[Round "11"]
[White "Mamedjarova, Turkan"]
[Black "Nuriyeva, Nurtan"]
[Result "1-0"]
[WhiteElo "2244"]
[BlackElo "1809"]
[PlyCount "79"]
[EventDate "2023.02.04"]
[EventType "tourn"]
[EventRounds "11"]
[EventCountry "AZE"]
[SourceTitle "CBM 212 Extra"]
[Source "ChessBase"]
[SourceDate "2023.03.31"]
[SourceVersion "1"]
[SourceVersionDate "2023.03.31"]
[SourceQuality "1"]

1. c4 c5 2. e3 d6 3. d4 cxd4 4. exd4 g6 5. Nc3 Bg7 6. Be3 Nf6 7. h3 0-0 8. Nf3 d5 9. Rc1 dxc4 10. Bxc4 a6 11. a4 Nbd7 12. d5 Nb6 13. Ba2 Bf5 14. 0-0 Nc8 15. Qb3 b5 16. axb5 axb5 17. Qxb5 Nd6 18. Qe2 Nde4 19. Rfd1 Qa5 20. Bc4 Nxc3 21. Rxc3 Ne4 22. Rcc1 Nd6 23. Bd4 Rfe8 24. Ne5 Bh6 25. Nc6 Qc7 26. Rc3 Ne4 27. Rf3 Nf6 28. Be5 Qc8 29. Nd4 Bd7 30. Rc3 Qb7 31. Qf3 Bg7 32. Rb3 Qc8 33. Nc6 Bf5 34. Re1 Qd7 35. g4 Bc2 36. Rbe3 Kf8 37. g5 Nh5 38. Bxg7+ Kxg7 39. Rxe7 Rxe7 40. Qc3+ 1-0

[Event "AZE-ch (Women)"]
[Site "Baku"]
[Date "2023.02.09"]
[Round "6"]
[White "Mamedjarova, Turkan"]
[Black "Abdinova, Narmin"]
[Result "0-1"]
[WhiteElo "2244"]
[BlackElo "1932"]
[PlyCount "66"]
[EventDate "2023.02.04"]
[EventType "tourn"]
[EventRounds "11"]
[EventCountry "AZE"]
[SourceTitle "CBM 212 Extra"]
[Source "ChessBase"]
[SourceDate "2023.03.31"]
[SourceVersion "1"]
[SourceVersionDate "2023.03.31"]
[SourceQuality "1"]

1. d4 d5 2. c4 e6 3. Nc3 c5 4. e3 Nc6 5. Nf3 Nf6 6. Bd3 a6 7. a4 Be7 8. 0-0 0-0 9. b3 b6 10. Bb2 Bb7 11. Rc1 Rc8 12. cxd5 Nxd5 13. Nxd5 Qxd5 14. e4 Qh5 15. Qe2 Nb4 16. Bb1 Rfd8 17. Qe3 Nc6 18. dxc5 Bxc5 19. Qf4 f6 20. e5 f5 21. Qc4 Kf7 22. Qe2 Ne7 23. Rc3 Kg8 24. Rfc1 a5 25. Qb5 Bc6 26. Qe2 Bb7 27. Qb5 Ng6 28. h3 Nf4 29. Rxc5 Rxc5 30. Rxc5 Nxh3+ 31. Kf1 Nf4 32. Rc1 Qh1+ 33. Ng1 Bxg2+ 0-1

[Event "AZE-ch Blitz (Women)"]
[Site "Baku"]
[Date "2022.12.05"]
[Round "1"]
[White "Mamedjarova, Turkan"]
[Black "Abdinova, Narmin"]
[Result "0-1"]
[WhiteElo "2244"]
[BlackElo "1898"]
[PlyCount "122"]
[EventDate "2022.12.05"]
[EventType "swiss (blitz)"]
[EventRounds "7"]
[EventCountry "AZE"]
[SourceTitle "CBM 211 Extra"]
[Source "ChessBase"]
[SourceDate "2023.01.31"]
[SourceVersion "1"]
[SourceVersionDate "2023.01.31"]
[SourceQuality "1"]

1. d4 d5 2. Nf3 Nf6 3. c4 c6 4. e3 e6 5. Nc3 Nbd7 6. cxd5 exd5 7. Bd3 Bd6 8. 0-0 0-0 9. h3 Re8 10. Qc2 Nf8 11. e4 dxe4 12. Nxe4 Nxe4 13. Bxe4 Ng6 14. Bg5 Be7 15. Be3 Be6 16. Rfe1 Bd5 17. Bxg6 hxg6 18. Ne5 Bd6 19. f4 Qh4 20. Qd2 Qg3 21. a3 f6 22. Nd3 Re7 23. Qf2 Qxf2+ 24. Kxf2 Rae8 25. Rac1 Bxg2 26. Rc3 Bxh3 27. Rb3 b6 28. Rc3 Bf5 29. Nb4 Bxf4 30. Nxc6 Bxe3+ 31. Rcxe3 Rxe3 32. Rxe3 Rxe3 33. Kxe3 a6 34. d5 Kf7 35. Kd4 Ke8 36. a4 Bc8 37. Nb4 Kd7 38. Nc2 Kd6 39. Ne3 b5 40. a5 Bb7 41. b4 f5 42. Ng2 g5 43. Ne3 g6 44. Nf1 f4 45. Nh2 Bxd5 46. Ng4 Be6 47. Ne5 g4 48. Nxg6 f3 49. Ke3 Bd5 50. Nf4 Bc6 51. Nd3 Kd5 52. Nc5 Kc4 53. Nxa6 g3 54. Nb8 Ba8 55. a6 f2 56. Ke2 Bg2 57. a7 f1Q+ 58. Ke3 Qd3+ 59. Kf4 Qd4+ 60. Kxg3 Qxa7 61. Kf4 Qxb8+ 0-1

[Event "AZE-ch Blitz (Women)"]
[Site "Baku"]
[Date "2022.12.05"]
[Round "6"]
[White "Mamedjarova, Turkan"]
[Black "Balajayeva, Khanim Asad Qizi"]
[Result "1-0"]
[WhiteElo "2244"]
[BlackElo "2379"]
[PlyCount "101"]
[EventDate "2022.12.05"]
[EventType "swiss (blitz)"]
[EventRounds "7"]
[EventCountry "AZE"]
[SourceTitle "CBM 211 Extra"]
[Source "ChessBase"]
[SourceDate "2023.01.31"]
[SourceVersion "1"]
[SourceVersionDate "2023.01.31"]
[SourceQuality "1"]

1. d4 d5 2. Nf3 Nf6 3. c4 dxc4 4. Nc3 a6 5. a4 Nc6 6. a5 Bf5 7. e3 e6 8. Bxc4 Bb4 9. 0-0 0-0 10. Nh4 Bg4 11. Be2 Bxe2 12. Qxe2 Bxa5 13. f4 Bxc3 14. bxc3 Ne4 15. Nf3 Nxc3 16. Qc2 Nd5 17. f5 exf5 18. Qxf5 Nce7 19. Qb1 Qd7 20. Ng5 Ng6 21. e4 Nc3 22. Qc2 Qxd4+ 23. Kh1 h6 24. Bb2 hxg5 25. Bxc3 Qc4 26. Qb2 f6 27. h3 Qxe4 28. Rae1 Qc6 29. Qa2+ Kh7 30. Rc1 Qd6 31. Qe2 Nf4 32. Qf3 Qd5 33. Qg4 Rfe8 34. Rcd1 Qc6 35. Rxf4 Qxc3 36. Rff1 Rad8 37. Rc1 Qe5 38. Qh5+ Kg8 39. Qf3 c6 40. Qb3+ Qd5 41. Qxb7 Re2 42. Rg1 Re3 43. Kh2 Qd6+ 44. Kh1 Qd5 45. Kh2 Qd6+ 46. Kh1 Re6 47. Qb3 Kh8 48. Rcd1 Qe7 49. Rxd8+ Kh7 50. Qd3+ g6 51. Rd7 1-0

[Event "AZE-ch Rapid (Women)"]
[Site "Baku"]
[Date "2022.12.03"]
[Round "7"]
[White "Mamedjarova, Turkan"]
[Black "Humbatova, Nazli"]
[Result "1-0"]
[WhiteElo "2244"]
[BlackElo "1674"]
[PlyCount "37"]
[EventDate "2022.12.02"]
[EventType "swiss (rapid)"]
[EventRounds "7"]
[EventCountry "AZE"]
[SourceTitle "CBM 211 Extra"]
[Source "ChessBase"]
[SourceDate "2023.01.31"]
[SourceVersion "1"]
[SourceVersionDate "2023.01.31"]
[SourceQuality "1"]

1. d4 Nf6 2. Nf3 e6 3. c4 Bb4+ 4. Bd2 a5 5. a3 Bxd2+ 6. Nbxd2 b6 7. e4 Bb7 8. Bd3 d5 9. cxd5 exd5 10. e5 Ne4 11. Qc2 Nxd2 12. Nxd2 Qh4 13. Qxc7 Qe7 14. Bb5+ Kf8 15. Qxb6 Na6 16. Rc1 h6 17. Nb3 Kg8 18. Nxa5 Qg5 19. 0-0 1-0